Estación enológica de Villafranca del Panadés : memoria de su funcionamiento en 1922 / por Cristóbal Mestre Artigas memoria de su funcionamiento en 1922 / por Cristóbal Mestre Artigas
Descripción Física:
61 p., [2] f. pleg., [4] p. de làm. ; 24 cm
MARC
| LEADER | 00000nam a2200000Ia 4500 | ||
|---|---|---|---|
| 001 | 10194 | ||
| 008 | 160829s9999 xx 000 0 cat d | ||
| 080 | |a C-2-110 | ||
| 100 | |a Mestre Artigas, Cristóbal |9 30929 | ||
| 245 | |a Estación enológica de Villafranca del Panadés : |b memoria de su funcionamiento en 1922 / por Cristóbal Mestre Artigas | ||
| 260 | |a Vilafranca del Penedés : |b (Tip. Her. M. Claret), [s.a.] | ||
| 300 | |a 61 p., [2] f. pleg., [4] p. de làm. ; |c 24 cm | ||
| 650 | 0 | |a Vinicultura |9 30930 | |
| 650 | |a Estación Enológica de Villafranca del Panadés |9 30931 | ||
| 901 | |a Arxiu | ||
| 942 | |n 1 | ||
| 952 | |0 0 |1 0 |4 0 |6 C2110 |7 1 |9 45575 |a Arxiu |b Arxiu |d 2016-12-01 |l 0 |o C-2-110 |p 10194 |r 2016-12-01 00:00:00 |w 2016-12-01 |y ARXIU | ||
| 999 | |c 48743 |d 48743 | ||